| 000 | 00513nam a2200193Ia 4500 | ||
|---|---|---|---|
| 003 | OSt | ||
| 005 | 20250526161611.0 | ||
| 008 | 210210b1981 xxu||||| |||| 00| 0 eng d | ||
| 040 | _cAL | ||
| 041 | _aKannada | ||
| 082 | _aK894.3 NARS | ||
| 100 |
_aNARAYANA (P V). _dನಾರಾಯಣ (ಪಿ ವಿ) _9211115 |
||
| 245 |
_aShodhane _bಶೋಧನೆ |
||
| 260 |
_aBengaluru _bBhagyalakshmi Prakashana _c1981 |
||
| 300 | _aiv,132 | ||
| 690 |
_aKannada Fiction _9211116 |
||
| 906 | _a035555 | ||
| 942 |
_2ddc _cBK |
||
| 999 |
_c86227 _d86227 |
||